opac header image

Vibrio cholerae and Cholera (Record no. 24291)

MARC details
000 -LEADER
fixed length control field 00394nmm a2200145Ia 4500
008 - FIXED-LENGTH DATA ELEMENTS--GENERAL INFORMATION
fixed length control field 160701s9999||||xx |||||||||||||||||und||
020 ## - INTERNATIONAL STANDARD BOOK NUMBER
International Standard Book Number 9781555810672
020 ## - INTERNATIONAL STANDARD BOOK NUMBER
International Standard Book Number 9781555818364
041 ## - LANGUAGE CODE
Language code of text/sound track or separate title English
100 ## - MAIN ENTRY--PERSONAL NAME
Personal name Wachsmuth, Blake, Olsvik
245 ## - TITLE STATEMENT
Title Vibrio cholerae and Cholera
260 ## - PUBLICATION, DISTRIBUTION, ETC. (IMPRINT)
Date of publication, distribution, etc. 1994
856 ## - ELECTRONIC LOCATION AND ACCESS
Uniform Resource Identifier <a href="http://www.asmscience.org/content/book/10.1128/9781555818364">http://www.asmscience.org/content/book/10.1128/9781555818364</a>
942 ## - ADDED ENTRY ELEMENTS (KOHA)
Koha item type E(electronic)-Books
Holdings
Withdrawn status Lost status Damaged status Not for loan Home library Current library Date acquired Total Checkouts Date last seen Price effective from Koha item type
        NISER LIBRARY NISER LIBRARY 01/07/2016   01/07/2016 01/07/2016 E(electronic)-Books